000 00670nam a22001697a 4500
999 _c10101
_d10101
008 180801b ||||| |||| 00| 0 eng d
082 _22017
_aUT 0977
_bB19
100 _929826
_aBaluyan, Jephone C.
245 _aExploratory factor analysis of attrition in bachelor of secondary education major in mathematics program /
_cJephone C. Baluyan, Rhea Mae C. Famor, Reyvin V. Pasiol
260 _aDigos City :
_bUMDC
_cNovember 2017
300 _a75 pages ;
_b29 cm.
650 0 _929827
_aEducation
_vMathematics
_xUndergraduate thesis.
700 _929828
_aBaluyan, Jephone C.
700 _929829
_aFamor, Rhea Mae C.
700 _929830
_aPasiol, Reyvin V.
942 _2ddc
_cUT